000
00369nam a2200133Ia 4500
008
100328s9999 xx 000 0 und d
082
_b
25243
100
_a
राहुल
245
_a
कठपुतली
260
_b
डायमंड पॅाकेट बुक्स
630
_a
कठपुतली
730
_a
कठपुतली
942
_c
BOOK
999
_c
518198
_d
518195